Normal view MARC view

Entry Personal Name

Number of records used in: 2

001 - CONTROL NUMBER

  • control field: 26109

003 - CONTROL NUMBER IDENTIFIER

  • control field: dpl

005 - DATE AND TIME OF LATEST TRANSACTION

  • control field: 20110221102130.0

008 - FIXED-LENGTH DATA ELEMENTS

  • fixed length control field: 110221|||a|||||| | ||| d

040 ## - CATALOGING SOURCE

  • Original cataloging agency: dpl
  • Transcribing agency: dpl

100 ## - HEADING--PERSONAL NAME

  • Personal name: ग्ग, चित्रा

670 ## - SOURCE DATA FOUND

  • Source citation: Work cat.: (dpl): ग्ग, चित्रा, पहेली कोश /, 2010

670 ## - SOURCE DATA FOUND

  • Source citation: Work cat.: (dpl): ग्ग, चित्रा, पहेली कोश /, 2010

© Delhi Public Library
Hit Counter
free hit counter